FORESTS out of bounds: impacts and effectiveness of logging bans in natural forests in Asia-Pacific

Bibliographic Details
Corporate Author: Asia-Pacific Foresty Commission
Other Authors: Durst
Format: Book
Published: Bangkok : FAO Regional Office for Asia and the Pacific , 2001
Series:RAP publication 2001/08
Subjects:

MARC

LEADER 00000cam a2200000 7i4500
001 0000002226
005 20030331.0
020 0 0 |a 9747946092 
090 0 0 |a FAO634.98095   |b FOR 2001 
245 0 0 |a FORESTS out of bounds: impacts and effectiveness of logging bans in natural forests in Asia-Pacific   |c edited by Patrick B. Durst ... (et al.) 
260 0 0 |a Bangkok :   |b FAO Regional Office for Asia and the Pacific ,   |c 2001 
300 |a 207 p. :   |b maps ;   |c 30 cm. 
440 0 0 |a RAP publication 2001/08 
500 0 0 |a Includes bibliographies 
650 0 0 |a Trees   |z Asia 
700 0 1 |a Durst   |h Patrick B. 
710 1 1 |a Asia-Pacific Foresty Commission 
998 |a JPSM 
999 |a 0000003571   |b Monograph   |c Open Shelf   |e Default branch 
999 |a 0000006509   |b Monograph   |c Food and Agriculture Organization   |e Default branch